000 00419nam a22001697a 4500
020 _a9789362542557
082 _aM3
_bAKH/M
100 _aAkhil P Dharmajan
245 _aMercury island:
_blokavasanam/
_cby Akhil P Dharmajan
250 _a13th.
260 _aKottayam:
_bDC Books,
_c2026.
300 _a430p.
650 _aNovel Malayalam
650 _aLiterature Malayalam
650 _aLiterature
942 _cBK
999 _c181740
_d181740